000 00303nam a2200121Ia 4500
008 241028s9999 xx 000 0 und d
041 _aeng
082 _a808.06665 CAN
100 _aCanavor
245 _aBusiness Writing For Dummies
260 _bWiley India
_aNew Delhi
_c2021
300 _a421;. P. 23 cm
999 _c43054
_d43054